Responses for show #6917 - Tuesday, October 14, 2014

Contestants

[<< previous game]

Candice Torres, a contract analyst from Stallings, North Carolina

Dan Tran, a Ph.D. student in physics originally from Boston, Massachusetts (whose 1-day cash winnings total $5,600)

Shane Curtis, an assistant professor from Lansing, Kansas (whose 2-day cash winnings total $24,001)

[next game >>]

Jeopardy! Round responses

CELEBRITY MARRIAGES
TODAY'S CHECKLIST
CHAINED TO A HOTEL
"2"-SQUARE CROSSWORD CLUES
THE OUTBACK
BLOOMIN' NON-ONIONS
    $200 3
Blake Shelton

Candice
    $200 1
a credit score

Shane
    $200 9
Comfort

Candice
    $200 22
B2

Triple Stumper
    $200 16
the Aborigines

Dan
    $200 21
mistletoe

Candice
    $400 4
Kaley Cuoco

Candice
    $400 2
Converse

Candice
    $400 12
Boston

Dan
    $400 23
the V-2

Shane
    $400 17
a bandicoot

Shane
    $400 30
water lilies

Candice
    $600 5
Tom Hanks

Shane
    $600 6
a bongo

Shane
    $600 13
Holiday Inn Express

Shane
    $600 24
(Candice: What is two-dimensional, or [*]?)

2-D

Candice
    $600 18
Gibson

Shane
    $600 29
tulips

Shane
    $800 10
Chrissy Teigen

Candice
    $800 7
Mount Fuji

Dan
    $800 14
W

Triple Stumper
    $1,000 25
K2

Candice
    $800 19
Ayers Rock

Dan
    $800 28
a wallflower

Triple Stumper
    $1000 11
Keira Knightley

Triple Stumper
    $1000 8
Esperanto

Shane
    $1000 15
Hyatt

Dan
    $1000 26
the O₂

Dan
    $1000 20
the Great Victoria Desert

Triple Stumper
    $1000 27
forget me not

Dan

Scores at the first commercial break (after clue 15):

Shane Dan Candice
$3,000 $2,200 $2,000

Scores at the end of the Jeopardy! Round:

Shane Dan Candice
$5,000 $5,200 $4,200

Double Jeopardy! Round responses

19th CENTURY AMERICANS
WHO WROTE IT?
3 STRAIGHT VOWELS
WORLD CITIES
WEIGHTS & MEASURES
"DIRTY" ENTERTAINMENT
    $400 21
Davy Crockett

Shane
    $400 1
(Dan: What is Maui?)

Hawaii

ShaneDan
    $400 6
Vancouver

Dan
    $400 11
an octave

Shane
    $400 16
"Dirty Harry"

Candice
    $800 22
(Dan: Who is Morse?)

Thomas Edison

Dan
Triple Stumper
    $2,000 29
(Dan: Who is, uh, Wollstonecraft?)
[The end-of-round signal sounds.]

Virginia Woolf

Dan
    $800 2
curious

Shane
    $800 7
Montevideo

Dan
    $800 12
a two-liter

Shane
    $800 17
Dirty Dancing

Dan
    $1200 23
(George Armstrong) Custer

Dan
    $1200 28
J.D. Salinger

Triple Stumper
    $1200 3
the Pleiades

Dan
    $1200 8
(Dan: What is Barcelona?)
(Shane: What is Madrid?)
(Candice: What is Seville?)

Toledo

ShaneDanCandice
Triple Stumper
    $1200 13
an angstrom

Dan
    $1200 18
The Dirty Dozen

Shane
    $1600 24
(Dan: Who is, uh, J.P. Morgan?)
...
(Alex: A minute to go.)

John D. Rockefeller

Dan
Triple Stumper
    $1600 27
Dante

Triple Stumper
    $1600 4
(Candice: What is horseshoes?)

quoits

Candice
Triple Stumper
    $3,000 9
(Alex: Dan?)
(Dan: Not coming to me.)

Marrakesh

Dan
    $1600 14
an Olympic-sized swimming pool

Shane
    $1600 19
"Dirty Laundry"

Shane
    $2000 25
Chester Arthur

Triple Stumper
    $2000 26
Robert Frost

Triple Stumper
    $2000 5
gaiety

Triple Stumper
    $2000 10
Innsbruck

Shane
    $2000 15
knots

Dan
    $2000 20
a dirty glass

Shane

Scores at the end of the Double Jeopardy! Round:

Shane Dan Candice
$15,000 $3,800 $1,800
(lock game)

[wagering suggestions for these scores]

Final Jeopardy! Round responses

BUSINESS
(Alex: [To Shane] 57 varieties. Now they have more than 5,700 products.)
CandiceWhat is
$1,799
DanWhat is McDonald's?
$0
ShaneWhat is Heinz?
$3,000
H.J. Heinz

Final scores:

Shane Dan Candice
$18,000 $3,800 $1
3-day champion: $42,001 2nd place: $2,000 3rd place: $1,000

Game dynamics:

Coryat scores:

Shane Dan Candice
$15,000 $8,800 $1,600
19 R,
1 W
14 R,
6 W
(including 2 DDs)
10 R
(including 1 DD),
2 W

Combined Coryat: $25,400

The J! Archive is created by fans, for fans. The Jeopardy! game show and all elements thereof, including but not limited to copyright and trademark thereto, are the property of Jeopardy Productions, Inc. and are protected under law. This website is not affiliated with, sponsored by, or operated by Jeopardy Productions, Inc. Join the discussion at JBoard.tv.